000 01076nam a2200277Ia 4500
001 Para_10028
003 CHAP
008 220125sOctu xx 000 0 und d
010 _a208679
040 _cCHAP
090 _aPA CD - TESIS 110
100 _aGarcía Morales, Gabriela Yeriley
_946332
245 _aIdentificación y desarrollo bajo la curva de las enfermedades foliares del pepino Identificación del agente causal de la roya del follaje en coquillo (Cyperus esculentus L.) en Chapingo, México /
_c Gabriela Yeriley García Morales; Director
260 _aChapingo, Méx. :
_b el autor
300 _a1 CDS ROM (53 p.)
502 _aTesis (Ing. Agr. Esp. en Parasitología Agrícola). UACh. Departamento Parasitología Agrícola
700 _aLeyva Mir, Santos Gerardo. Director
_9171335
710 _aUACh. Departamento Parasitología Agrícola
_9164025
901 _aPA CD - TESIS 110
902 _aM
905 _a513220Octubre, 2011 abmn8100000000 06
910 _aOctu
942 _cPARA
942 _cPARA
_d2
999 _c208679
_d208679